Random Quiz #1 - Statistics

General Stats
  • This quiz has been taken 11 times
  • The average score is 5 of 15
Answer Stats
Question Answer % Correct
Which of these is a picture of the rapper "50 Cent"?
100%
Which is the flag of Norway?
75%
Which of these is not a picture of any plum variety?
75%
Which of these is not a song from the movie "Dil Chahta Hai"? Ladki kyon
50%
Which of these is not a name for Tipu Sultan? Al-Sultan al-azam
38%
In which year was the 'Victoria Plum' first sold? 1844
25%
Which of these countries was not one of the leading producers of plums in the year 2023 Brazil
25%
Which of these is not a Thai cuisine? Char siu
25%
To which country does the creator of "Labubu dolls" belong? Hong Kong
25%
Which actress played the role of "Dharma" in Ashoka? Pallavi Subhash
25%
Which of these varieties of plum are predominantly oval-shaped? Prune plum
25%
What is the percentage of carbohydrates in a plum? 11%
13%
How is BMW spelled? Bayerische Motoren Werke
13%
What does the Latin word "dies" mean? day
13%
Pick the odd one out: Table Mountain
13%
No matching quizzes found
Score Distribution
Percent of People with Each Score
Percentile by Number Answered
Your Score History
You have not taken this quiz